00877cam a22002411 4500001001300000003000400013005001700017008004100034010001700075035001800092040001900110042001200129050002300141100004300164245019900207260005000406300004900456410004700505504002500552650002000577650002100597999001700618gs 56000261 DLC20260227111404.0720309s1955 xx 000 0 eng  ags 56000261  a(OCoLC)259910 aDLCcOAkUdDLC apremarc00aQE185b.A43 no. 321 aBoyle, R. W.q(Robert William),d1920-10aGeochemical investigation of the heavy metal content of stream and spring waters in the Keno Hill-Galena Hill area, Yukon Territory,cby Robert W. Boyle, Charles T. Illsley, and Robert N. Green. aOttawa,bE. Cloutier, Queen's printer,c1955. a34 p.bmaps (2 fold. col. in pocket) tables.20aGeological Survey of Canada.tBulletinv32 a"References": p. 34. 0aGeologyzYukon. 0aWaterxAnalysis. c29085d29085